| 000 | 01381ngm a22003130a 4500 | ||
|---|---|---|---|
| 001 | PT14867 | ||
| 003 | AR-LpoUNG | ||
| 005 | 20210202000119.0 | ||
| 007 | vd cvaizq | ||
| 008 | 191001s1983||||ag |||||||||||||||||spa d | ||
| 040 |
_aAR-LpoUNG _bspa _cAR-LpoUNG _eaacr |
||
| 041 | _aspa | ||
| 044 | _aag | ||
| 082 | 0 | _a305.562 983has | |
| 100 | 1 |
_aGutiérrez Alea, Tomás _edir. |
|
| 245 | 1 | 0 | _aHasta cierto punto |
| 260 |
_aBuenos Aires : _bYesterday Video Cine, _c1983. |
||
| 300 | _aVHS (68 min.) : son., col. | ||
| 520 | _aOscar es guionista y prepara un film sobre el machismo de los trabajadores de La Habana. Mientras investiga sobre el tema, conoce a la obrera Alina. Esta le inspira un personaje en su libreto. Entre ellos comienza un romance, lo que produce una crisis en el matrimonio del primero. A la vez surgen diferencias con el director del aún inconcluso filme. Este tiene una concepción mucho mas restringida respecto al tema machismo que Oscar, el cual finalmente no logra resolver sus problemas. La obra muestra el contraste entre intelectuales y obreros en nuestra sociedad. | ||
| 650 | 4 | _aCUBA | |
| 650 | 4 | _aINTELECTUALES | |
| 650 | 4 | _aPROBLEMAS SOCIALES | |
| 650 | 4 | _aTRABAJADORES | |
| 651 | 4 | _aCuba | |
| 653 | _aVIDEOS | ||
| 710 | 2 | _aInstituto Cubano del Arte e Industria Cinematográficos (La Habana) | |
| 905 | _a14867 | ||
| 942 | _cVIDEO | ||
| 999 |
_c54135 _d54135 |
||